CPD Talk : Information technology - Its role on property development :

Bibliographic Details
Corporate Author: Institut Penilaian Negara
Format: Book
Published: Bangi : Institut Penilaian Negara , 1992
Subjects:

MARC

LEADER 00000cam a2200000 7i4500
001 0000021299
005 20080410.0
040 |a INS 
090 0 0 |a VCD 1253 
245 0 0 |a CPD Talk :   |b Information technology - Its role on property development :   |b 15 - 16 June 1992 [  |h video disc] :   |b Session II (Continued) 
260 |a Bangi :   |b Institut Penilaian Negara ,   |c 1992 
300 |a 1 videodisc (120) :   |b col., ill. ;   |c 4 3.4 in. 
650 0 0 |a Real estate business   |x Information technology 
710 1 |a Institut Penilaian Negara 
999 |a VCD0001253   |b VIDEO CD   |c Media Collection   |e Default branch